[Event "WSCC 65 Open 2017"]
[Site "?"]
[Date "2017.11.09"]
[Round "3"]
[White "Primbetov, Marat"]
[Black "Okhotnik, Vladimir"]
[Result "0-1"]
[WhiteElo "2222"]
[BlackElo "2434"]
[Annotator "TA"]
[PlyCount "108"]
[EventDate "2017.??.??"]
[EventType "swiss"]
[EventCountry "ITA"]
[SourceTitle "Acqui Terme"]

{[%evp 15,108,50,78,37,43,8,25,0,4,-42,-44,-45,0,0,0,0,0,0,0,-7,-7,-7,-10,-12,-9,-7,-8,-34,-50,-35,-37,-59,-17,-21,-30,-19,-22,-52,-13,-20,9,0,0,0,0,-36,-32,-186,-179,-177,-139,-226,-229,-231,-210,-177,-35,-202,-192,-341,-347,-327,-314,-363,-362,-739,-737,-728,-729,-603,-523,-523,-496,-507,-483,-4716,-4787,-4627,-4626,-29975,-29975,-29978,-29979,-29979,-29980,-29980,-12035,-4626,-4618,-29982,-29983,-29984,-29984,-29986,-29987]} 1. e4 e5 2. Nf3 Nc6 3. Bb5 a6 4. Ba4 Nge7 5. d4 (5. c3 d6 6. d4 Bd7 7. h4 h6 8. h5 Ng8 9. d5 Nce7 10. c4 b5 11. Bc2 f5 12. Nh4 f4 13. g3 fxg3 14. f4 Nf6 15. fxe5 {1-0 (22) Shirov,A (2673)-Rapport,R (2752) Baku 2016}) 5... exd4 6. c3 {C70: Ruy Lopez: 3...a6 4 Ba4, Norwegian and Delayed Schliemann} g6 7. cxd4 Bg7 8. d5 Na5 {LiveBook: 15 Games} 9. Nc3 (9. Bd2 $5 {[%cal Rd2a5]} Bxb2 10. Nc3 $11) 9... b5 10. Bb3 (10. Bc2 {is interesting.} O-O 11. O-O d6 12. Re1 h6 13. Rb1) 10... O-O 11. Be3 Nxb3 $146 ({Predecessor:} 11... d6 12. Bd4 f6 13. O-O Nxb3 14. Qxb3 {½-½ (57) Sosa,T (2385)-Villanueva,M (2436) Buenos Aires 2015}) 12. axb3 b4 13. Ne2 d6 14. Bd4 c5 15. dxc6 Nxc6 16. Bxg7 Kxg7 17. Rc1 Ne5 {[%cal Bc6e5,Be5d7,Bd7c5][%mdl 32]} 18. Qd4 Qf6 {next ...Bh3! is good for Black.} 19. Nd2 $1 a5 {Threatening ...Ba6.} 20. f4 Nd7 21. O-O Qxd4+ 22. Nxd4 Nc5 23. Rf3 Re8 24. Nb5 {aiming for Nc7.} Rd8 $1 25. Re3 Bb7 26. Rce1 d5 27. e5 Ne6 28. f5 gxf5 29. Nd6 f4 30. Rf3 Ba6 31. Kf2 $2 (31. Rh3 $15) 31... f6 $1 $36 {[%cal Rf6e5][%mdl 2048] Black is on the roll.} 32. Nf5+ {[#]} Kg6 $1 {[%cal Rg6f5]} 33. Ne7+ (33. Nh4+ $17 {might work better.} Kf7 34. exf6) 33... Kf7 34. exf6 Kxf6 35. Nc6 Rd6 (35... Re8 $19 36. Ne5 Rac8) 36. Ne5 $2 ({White has to play} 36. Nd4 $1 $15) 36... Rc8 37. Rh3 (37. Kg1 $142) 37... Rc2 38. Nef3 Bd3 ({Stronger than} 38... Rxb2 39. Rh6+ Ke7 40. Rxh7+ Kd8 41. Kg1 $11) 39. Ra1 Ng5 ({Less strong is} 39... Rxb2 40. Rxa5 Ng5 41. Rh6+ Bg6 42. Kg1 $19) 40. Nxg5 $2 (40. Rh6+ Ke7 41. Rxd6 Kxd6 42. Nxg5 Rxd2+ 43. Kf3) 40... Rxd2+ 41. Ke1 Re2+ 42. Kd1 Kxg5 43. Rxd3 Rxg2 {White must now prevent ...Rg1+.} 44. Rxa5 Rxh2 45. Raxd5+ (45. Ra8 $142) 45... Rxd5 46. Rxd5+ {[%mdl 4096] Endgame KR-KR} Kg4 47. Rd4 Kg3 48. Rxb4 f3 49. Rb7 h5 50. Rg7+ {[#]} Kf2 $1 51. b4 Rg2 52. Rh7 Rg5 {Black mates.} 53. Kd2 Kg2 54. b5 f2 {Precision: White = 23%, Black = 81%.} 0-1

[Event "WSCC 65 Open 2017"]
[Site "?"]
[Date "2017.11.09"]
[Round "3"]
[White "Trois, Francisco R T"]
[Black "Shevelev, Arkady"]
[Result "0-1"]
[WhiteElo "2184"]
[BlackElo "2280"]
[PlyCount "82"]
[EventDate "2017.??.??"]
[EventType "swiss"]
[EventCountry "ITA"]
[SourceTitle "Acqui Terme"]
[TimeControl "40/5400+30:1800+30"]
[WhiteClock "0:20:01"]
[BlackClock "0:30:32"]

1. Nf3 {[%emt 0:00:00]} Nf6 {[%emt 0:00:27]} 2. g3 {[%emt 0:01:23]} d5 {[%emt 0:01:03]} 3. Bg2 {[%emt 0:00:47]} c6 {[%emt 0:00:27]} 4. O-O {[%emt 0:00:47]} Bg4 {[%emt 0:00:10]} 5. c4 {[%emt 0:02:42]} e6 {[%emt 0:01:36]} 6. cxd5 {[%emt 0:15:56]} exd5 {[%emt 0:00:21]} 7. Qb3 {[%emt 0:00:06]} Qb6 {[%emt 0:01:41]} 8. Qc2 {[%emt 0:00:25]} Nbd7 {[%emt 0:03:45]} 9. d3 {[%emt 0:00:33]} Bd6 {[%emt 0:01:52]} 10. Nc3 {[%emt 0:00:44]} O-O {[%emt 0:00:41]} 11. e4 {[%emt 0:01:54]} dxe4 {[%emt 0:07:07]} 12. dxe4 {[%emt 0:00:24]} Rfe8 {[%emt 0:07:04]} 13. h3 {[%emt 0:03:46]} Bxf3 {[%emt 0:06:42]} 14. Bxf3 Ne5 15. Be2 {[%emt 0:06:10]} Bb4 {[%emt 0:02:14]} 16. Kg2 {[%emt 0:12:49]} Bxc3 {[%emt 0:07:26]} 17. bxc3 {[%emt 0:00:10]} Qc5 {[%emt 0:01:52]} 18. Be3 {[%emt 0:06:56]} Qe7 {[%emt 0:00:39]} 19. f3 {[%emt 0:00:08]} Ng6 {[%emt 0:04:57]} 20. Rfe1 {[%emt 0:00:28]} b6 {[%emt 0:05:53]} 21. Rad1 {[%emt 0:00:12]} Rad8 {[%emt 0:00:33]} 22. Rxd8 {[%emt 0:01:43]} Rxd8 {[%emt 0:00:11]} 23. Rd1 {[%emt 0:02:53]} h6 {[%emt 0:04:31]} 24. Rxd8+ {[%emt 0:00:39]} Qxd8 {[%emt 0:00:02]} 25. Qa4 {[%emt 0:02:21]} Qc7 {[%emt 0:01:34]} 26. f4 {[%emt 0:02:35]} b5 {[%emt 0:04:47]} 27. Qd4 {[%emt 0:00:30]} a6 {[%emt 0:02:42]} 28. Bf3 {[%emt 0:03:53]} Qa5 {[%emt 0:00:49]} 29. Qd2 {[%emt 0:00:43]} Qa4 {[%emt 0:00:20]} 30. Bd4 {[%emt 0:00:29]} Nf8 31. Qb2 Ne6 {[%emt 0:04:21]} 32. Qb3 {[%emt 0:07:59]} Qxb3 {[%emt 0:00:58]} 33. axb3 {[%emt 0:00:01]} Nxd4 {[%emt 0:00:36]} 34. cxd4 {[%emt 0:00:01]} a5 {[%emt 0:00:27]} 35. d5 {[%emt 0:06:01]} cxd5 {[%emt 0:00:02]} 36. exd5 {[%emt 0:00:06]} a4 {[%emt 0:01:32]} 37. bxa4 {[%emt 0:02:22]} bxa4 {[%emt 0:00:01]} 38. Bd1 {[%emt 0:01:06]} a3 {[%emt 0:00:07]} 39. Bb3 {[%emt 0:00:08]} Ne4 {[%emt 0:00:12]} 40. d6 {[%emt 0:00:16]} Nxd6 {[%emt 0:30:15]} 41. Kf3 {[%emt 0:30:23]} Nb5 {[%emt 0:00:31]} 0-1

[Event "WSCC 65 Open 2017"]
[Site "?"]
[Date "2017.11.09"]
[Round "3"]
[White "Beltz, Robert"]
[Black "Vasiukov, Evgeni"]
[Result "0-1"]
[WhiteElo "2158"]
[BlackElo "2404"]
[PlyCount "61"]
[EventDate "2017.??.??"]
[EventType "swiss"]
[EventCountry "ITA"]
[SourceTitle "Acqui Terme"]
[TimeControl "40/5400+30:1800+30"]
[WhiteClock "0:16:20"]
[BlackClock "0:11:17"]

1. Nf3 {[%emt 0:00:00]} f5 {[%emt 0:00:46]} 2. c4 {[%emt 0:00:15]} Nf6 {[%emt 0:00:36]} 3. Nc3 {[%emt 0:00:10]} d6 {[%emt 0:00:57]} 4. d4 {[%emt 0:00:26]} c6 {[%emt 0:03:30]} 5. Qc2 {[%emt 0:11:01]} Na6 {[%emt 0:14:37]} 6. a3 {[%emt 0:01:57]} g6 {[%emt 0:11:11]} 7. h4 {[%emt 0:10:18]} Bg7 {[%emt 0:04:10]} 8. Bg5 {[%emt 0:06:25]} Qa5 {[%emt 0:05:43]} 9. Bd2 {[%emt 0:02:22]} Qc7 {[%emt 0:03:50]} 10. b4 {[%emt 0:14:14]} e5 {[%emt 0:00:47]} 11. dxe5 {[%emt 0:00:45]} dxe5 {[%emt 0:00:04]} 12. c5 {[%emt 0:00:01]} e4 {[%emt 0:03:38]} 13. Ng5 {[%emt 0:03:48]} Qe5 {[%emt 0:17:19]} 14. Rc1 {[%emt 0:03:08]} Nc7 {[%emt 0:00:53]} 15. e3 {[%emt 0:02:53]} h6 {[%emt 0:06:15]} 16. Nh3 {[%emt 0:01:11]} Be6 {[%emt 0:00:40]} 17. Ne2 {[%emt 0:07:16]} Nfd5 {[%emt 0:01:47]} 18. Nhf4 {[%emt 0:01:03]} Bf7 {[%emt 0:00:55]} 19. Nxd5 {[%emt 0:04:18]} Nxd5 {[%emt 0:00:14]} 20. Nd4 {[%emt 0:01:14]} f4 {[%emt 0:01:37]} 21. Rh3 {[%emt 0:03:43]} O-O {[%emt 0:04:15]} 22. Ne2 {[%emt 0:03:33]} fxe3 {[%emt 0:00:09]} 23. Bxe3 {[%emt 0:00:05]} Nxe3 {[%emt 0:04:43]} 24. Rxe3 {[%emt 0:02:24]} Bd5 {[%emt 0:00:18]} 25. Ng3 {[%emt 0:00:33]} Qf4 {[%emt 0:01:12]} 26. Nxe4 {[%emt 0:04:33]} Bxe4 {[%emt 0:01:52]} 27. Rxe4 {[%emt 0:00:04]} Bc3+ {[%emt 0:00:11]} 28. Kd1 {[%emt 0:00:47]} Rad8+ {[%emt 0:00:34]} 29. Bd3 {[%emt 0:00:00]} Qxe4 {[%emt 0:00:17]} 30. Qb3+ {[%emt 0:00:23]} Kh7 {[%emt 0:01:13]} 31. Rxc3 {[%emt 0:00:20]} 0-1

[Event "WSCC 65 Open 2017"]
[Site "?"]
[Date "2017.11.10"]
[Round "4"]
[White "Sveshnikov, Evgeny"]
[Black "Renman, Nils-Gustaf"]
[Result "0-1"]
[WhiteElo "2480"]
[BlackElo "2368"]
[Annotator "TA"]
[PlyCount "67"]
[EventDate "2017.??.??"]
[EventType "swiss"]
[EventCountry "ITA"]
[SourceTitle "Acqui Terme"]

{[%evp 27,67,0,8,-56,-62,-57,-39,-114,-125,-126,-117,-129,-113,-105,-66,-148,-110,-146,-146,-264,-272,-487,-472,-661,-632,-639,-637,-1537,-1127,-935,-831,-1156,-1136,-1121,-1121,-736,-666,-779,-742,-29988,-29989,-29989]} 1. e4 e6 2. d4 d5 3. e5 c5 4. c3 Nc6 5. Nf3 Qb6 6. a3 Nh6 7. b4 cxd4 8. Bxh6 gxh6 9. cxd4 Bd7 10. Ra2 {C02: French: Advance Variation} Rg8 11. h3 h5 {[%cal Bh6h5,Bh5h4][%mdl 32]} 12. g3 h4 13. g4 Be7 14. Be2 f6 {[#] LiveBook: 3 Games} 15. exf6 $146 (15. b5 $11 Nd8 16. exf6 Bxf6 17. Qd3) ({Predecessor:} 15. b5 Nd8 16. Qd3 Rg7 17. Nc3 Nf7 {0-1 (38) Shirov,A (2684)-Nakamura,H (2787) Zuerich 2016}) 15... Bxf6 $15 {[%cal Rc6d4]} 16. Rd2 $1 Rc8 17. O-O (17. Rd3 $15) 17... h5 $1 $17 {[%cal Rh5g4]} 18. g5 Bxg5 19. Nxg5 Rxg5+ 20. Kh1 Ke7 {Hoping for ...e5.} 21. Bxh5 {[#]} (21. Rg1 $15 Rcg8 22. Rxg5 Rxg5 23. Qb3) 21... Nxd4 $1 {[%mdl 512]} 22. Rxd4 {Strongly threatening Rg4.} Rxh5 $1 23. Qg4 {[#]} (23. Rf4 $17 {keeps fighting.} Rg5 24. Qf3) 23... Rg8 $1 $19 {[%cal Rg8g4][%mdl 512]} 24. Qxh5 $2 (24. Qd1) (24. Qxg8 Qxd4) 24... Qxd4 25. Nd2 (25. Qh7+ $142 Rg7 26. Qh6) 25... Qxd2 26. Qh7+ Kf8 {...Qe2 is the strong threat.} 27. Qxd7 {[%mdl 4096] Endgame KQR-KQR} Qg5 {[%csl Gg8][%cal Rg5g2]} 28. Qd6+ Kf7 {[%csl Gg8][%cal Rg5g2]} 29. Qc7+ Kf6 {[%csl Gg8][%cal Rg5g2]} 30. Qc3+ e5 {[%csl Gg8][%cal Rg5g2]} 31. Qf3+ Ke6 32. Re1 e4 33. Rxe4+ dxe4 34. Qxe4+ {Precision: White = 22%, Black = 85%.} 0-1

[Event "WSCC 65 Open 2017"]
[Site "?"]
[Date "2017.11.10"]
[Round "4"]
[White "Vasiukov, Evgeni"]
[Black "Barle, Janez"]
[Result "0-1"]
[WhiteElo "2404"]
[BlackElo "2261"]
[PlyCount "20"]
[EventDate "2017.??.??"]
[EventType "swiss"]
[EventCountry "ITA"]
[SourceTitle "Acqui Terme"]
[TimeControl "40/5400+30:1800+30"]

1. f4 Nf6 2. g3 c5 3. Bg2 Nc6 4. e4 d6 5. d3 g6 6. Nf3 Bg7 7. O-O O-O 8. Nc3 Bg4 9. h3 Bxf3 10. Qxf3 Nd7 0-1

[Event "WSCC 65 Open 2017"]
[Site "?"]
[Date "2017.11.10"]
[Round "4"]
[White "Vogt, Lothar"]
[Black "Hess, Christian"]
[Result "1/2-1/2"]
[WhiteElo "2398"]
[BlackElo "2236"]
[PlyCount "29"]
[EventDate "2017.??.??"]
[EventType "swiss"]
[EventCountry "ITA"]
[SourceTitle "Acqui Terme"]
[TimeControl "40/5400+30:1800+30"]
[WhiteClock "1:08:48"]
[BlackClock "1:00:53"]

1. e4 {[%emt 0:00:00]} c6 {[%emt 0:00:08]} 2. d4 {[%emt 0:00:00]} d5 {[%emt 0:00:06]} 3. exd5 {[%emt 0:00:00]} cxd5 {[%emt 0:00:05]} 4. c4 {[%emt 0:00:00]} Nf6 {[%emt 0:00:10]} 5. Nc3 {[%emt 0:00:00]} e6 {[%emt 0:00:46]} 6. Nf3 {[%emt 0:00:00]} Bb4 {[%emt 0:00:45]} 7. Bd3 {[%emt 0:00:00]} dxc4 {[%emt 0:01:22]} 8. Bxc4 {[%emt 0:00:04]} O-O {[%emt 0:00:10]} 9. O-O {[%emt 0:00:11]} b6 {[%emt 0:02:01]} 10. Bg5 {[%emt 0:09:14]} Bb7 {[%emt 0:01:46]} 11. Qe2 {[%emt 0:00:03]} Nbd7 {[%emt 0:11:51]} 12. Rfd1 {[%emt 0:02:32]} Bxc3 {[%emt 0:02:42]} 13. bxc3 {[%emt 0:00:03]} Qc7 {[%emt 0:00:10]} 14. Rac1 {[%emt 0:06:13]} Ne4 {[%emt 0:14:35]} 15. Bd3 {[%emt 0:10:22]} 1/2-1/2

[Event "WSCC 65 Open 2017"]
[Site "?"]
[Date "2017.11.10"]
[Round "4"]
[White "Van Riemsdijk, Herman C"]
[Black "Yakimenko, Alexander A"]
[Result "1/2-1/2"]
[WhiteElo "2284"]
[BlackElo "2115"]
[PlyCount "48"]
[EventDate "2017.??.??"]
[EventType "swiss"]
[EventCountry "ITA"]
[SourceTitle "Acqui Terme"]
[TimeControl "40/5400+30:1800+30"]
[WhiteClock "0:32:14"]
[BlackClock "0:15:13"]

1. e4 {[%emt 0:00:00]} e5 {[%emt 0:00:17]} 2. Nf3 {[%emt 0:00:00]} d6 {[%emt 0:00:52]} 3. d4 {[%emt 0:00:07]} Nf6 {[%emt 0:00:12]} 4. Nc3 {[%emt 0:00:15]} Nbd7 {[%emt 0:00:08]} 5. Bc4 {[%emt 0:01:17]} Be7 {[%emt 0:00:18]} 6. O-O {[%emt 0:01:22]} O-O {[%emt 0:00:23]} 7. Re1 {[%emt 0:01:54]} c6 {[%emt 0:02:48]} 8. a4 {[%emt 0:00:29]} h6 {[%emt 0:04:52]} 9. h3 {[%emt 0:01:48]} Re8 {[%emt 0:02:38]} 10. Ba2 {[%emt 0:01:31]} a5 {[%emt 0:03:52]} 11. Nh4 {[%emt 0:08:41]} Nf8 {[%emt 0:05:42]} 12. dxe5 {[%emt 0:00:52]} dxe5 {[%emt 0:00:18]} 13. Qf3 {[%emt 0:00:24]} Be6 {[%emt 0:19:31]} 14. Nf5 {[%emt 0:01:48]} Bxa2 {[%emt 0:02:38]} 15. Rxa2 {[%emt 0:00:57]} Ng6 {[%emt 0:03:29]} 16. Be3 {[%emt 0:01:02]} Nh7 {[%emt 0:07:25]} 17. g3 {[%emt 0:04:48]} Bb4 {[%emt 0:06:23]} 18. h4 {[%emt 0:07:13]} Ne7 {[%emt 0:09:55]} 19. Rd1 {[%emt 0:01:24]} Qc7 {[%emt 0:00:27]} 20. Bxh6 {[%emt 0:01:37]} Nxf5 {[%emt 0:01:28]} 21. Qxf5 {[%emt 0:00:34]} Rad8 {[%emt 0:05:09]} 22. Qg4 {[%emt 0:00:41]} Bf8 {[%emt 0:06:03]} 23. Raa1 {[%emt 0:04:25]} Qb6 {[%emt 0:02:12]} 24. Rxd8 {[%emt 0:26:37]} Rxd8 {[%emt 0:00:17]} 1/2-1/2

[Event "WSCC 65 Open 2017"]
[Site "?"]
[Date "2017.11.10"]
[Round "4"]
[White "Shevelev, Arkady"]
[Black "Jansa, Vlastimil"]
[Result "1/2-1/2"]
[WhiteElo "2280"]
[BlackElo "2425"]
[Annotator "TA"]
[PlyCount "52"]
[EventDate "2017.??.??"]
[EventType "swiss"]
[EventCountry "ITA"]
[SourceTitle "Acqui Terme"]

{[%evp 25,52,0,8,-30,-10,-13,-5,-24,-25,-42,-26,-39,-18,-32,-22,-24,-4,-8,-33,-56,10,18,12,9,26,0,0,0,44]} 1. e4 c5 2. Nf3 e6 3. d4 cxd4 4. Nxd4 Nf6 5. Nc3 d6 6. Be2 Be7 7. O-O O-O 8. Be3 a6 9. a4 Nc6 10. Nb3 b6 11. f4 Bb7 12. Bf3 Qc7 13. Qe2 Na5 {LiveBook: 3 Games. B85: Sicilian Scheveningen: 6 Be2 a6, lines with early Be3} (13... Nd7 14. Rad1 Rfd8 15. Qf2 Bf6 16. Rd2 Nc5 17. Rfd1 Bxc3 18. bxc3 Nxa4 19. c4 Nc5 20. Qg3 Ne7 21. Bd4 g6 22. Qg5 e5 23. fxe5 Ne6 24. exd6 Rxd6 25. Qe5 Nxd4 26. Rxd4 Rd7 {½-½ (26) Alekseev,E (2682)-Yakovich,Y (2523) St Petersburg 2014}) 14. Nd2 Nd7 15. Qf2 $146 ({Predecessor:} 15. Rfc1 Rac8 16. Qf2 Bf6 17. Nd1 d5 18. e5 Be7 19. Rab1 Nc4 20. Nxc4 Qxc4 {1-0 (58) Rizsonkov,V (2285)-Somlo,B (2100) Szeged 1998}) 15... Rac8 16. Be2 Bf6 17. Ra3 Qd8 18. Bd4 e5 19. fxe5 dxe5 20. Be3 Bh4 21. Qf5 Be7 22. Raa1 Bc5 (22... Bb4 $1 $15) 23. Bxc5 $11 Rxc5 24. Rad1 {[#] Black must now prevent Nf3.} Nc6 $1 25. Nb3 Nd4 $1 {[%cal Rd4f5]} 26. Qf2 Nxb3 {Precision: White = 48%, Black = 48%.} 1/2-1/2

[Event "WSCC 65 Open 2017"]
[Site "?"]
[Date "2017.11.10"]
[Round "4"]
[White "Stepovoj, Vladimir"]
[Black "Balashov, Yuri S"]
[Result "1/2-1/2"]
[WhiteElo "2265"]
[BlackElo "2437"]
[Annotator "TA"]
[PlyCount "64"]
[EventDate "2017.??.??"]
[EventType "swiss"]
[EventCountry "ITA"]
[SourceTitle "Acqui Terme"]

{[%evp 17,64,47,51,30,56,14,30,2,0,-16,-19,-19,-37,-42,25,10,0,9,20,20,59,53,52,43,51,46,44,39,55,49,76,75,64,67,149,149,149,101,149,145,132,46,104,40,37,48,54,22,22]} 1. e4 c5 2. Nf3 Nc6 3. c3 e6 4. d4 d5 5. e5 Bd7 6. a3 a5 7. Bd3 Qb6 8. Bc2 h5 {C02: French: Advance Variation} (8... Nh6 9. O-O cxd4 10. cxd4 Nf5 11. Bxf5 exf5 12. Nc3 Be6 13. Na4 Qb5 14. Nc3 Qb6 15. Na4 Qb5 16. Nc3 Qb6 17. Qa4 Be7 {½-½ (17) Heberla,B (2510)-Kortschnoj,V (2602) Banja Luka 2008}) 9. O-O Nh6 {LiveBook: 9 Games} 10. Re1 Rc8 $146 {White has an edge.} ({Predecessor:} 10... Be7 11. h3 Nf5 12. Bxf5 exf5 13. dxc5 Bxc5 14. Be3 Bxe3 15. Rxe3 Qxb2 16. Nbd2 {0-1 (48) Jeric,S (2327)-Bukal,V (2382) Austria 2005}) 11. b3 Be7 12. h3 cxd4 13. cxd4 g5 {[%cal Bg7g5,Bg5g4][%mdl 32]} 14. Be3 g4 15. Nh2 {[%cal Rh3g4]} Nf5 (15... gxh3 $15 16. gxh3 Nf5 17. Bxf5 exf5) 16. Bxf5 $1 $11 exf5 17. Nc3 Be6 {[#] Strongly threatening ...f4!} 18. Ne2 a4 19. b4 Qa6 20. Rc1 Na7 {[%cal Bc6a7,Ba7c8,Bc8b6,Bb6c4][%mdl 32]} 21. Rxc8+ Nxc8 22. Nf1 Nb6 23. Nf4 Nc4 24. Bc1 b5 25. Qd3 h4 (25... Qc8 $1 $14) 26. Ne3 $16 Nxe3 27. Bxe3 ({Don't play} 27. Qxe3 Qb6 $16) 27... Rg8 28. Rc1 Kd7 29. Kf1 (29. Kh2 $16) 29... Qb7 (29... Rc8 $1 $14) 30. Nh5 (30. Qe2 $16) 30... Rc8 $14 31. Rxc8 Kxc8 32. Qc2+ Qc7 {Precision: White = 42%, Black = 47%.} 1/2-1/2

[Event "WSCC 65 Open 2017"]
[Site "?"]
[Date "2017.11.10"]
[Round "4"]
[White "Malisov, Boris"]
[Black "Komljenovic, Davorin"]
[Result "1/2-1/2"]
[WhiteElo "2240"]
[BlackElo "2379"]
[PlyCount "66"]
[EventDate "2017.??.??"]
[EventType "swiss"]
[EventCountry "ITA"]
[SourceTitle "Acqui Terme"]
[TimeControl "40/5400+30:1800+30"]
[WhiteClock "0:12:13"]
[BlackClock "0:03:40"]

1. e4 {[%emt 0:00:00]} c5 {[%emt 0:16:35]} 2. Nc3 Nc6 {[%emt 0:00:18]} 3. f4 {[%emt 0:01:15]} g6 {[%emt 0:00:49]} 4. Nf3 {[%emt 0:00:33]} Bg7 {[%emt 0:00:06]} 5. Bb5 {[%emt 0:00:08]} Nd4 {[%emt 0:00:45]} 6. a4 {[%emt 0:00:10]} Nxb5 {[%emt 0:12:06]} 7. axb5 {[%emt 0:00:12]} Nf6 {[%emt 0:01:00]} 8. O-O {[%emt 0:01:44]} O-O {[%emt 0:17:11]} 9. d3 {[%emt 0:01:35]} d6 {[%emt 0:06:43]} 10. Qe1 {[%emt 0:00:47]} Ne8 {[%emt 0:02:42]} 11. f5 {[%emt 0:07:49]} gxf5 {[%emt 0:03:55]} 12. Qh4 {[%emt 0:00:16]} f6 {[%emt 0:07:35]} 13. exf5 {[%emt 0:13:47]} Bxf5 {[%emt 0:00:16]} 14. Qc4+ {[%emt 0:00:32]} Kh8 {[%emt 0:05:55]} 15. Nh4 {[%emt 0:00:37]} Bd7 {[%emt 0:02:17]} 16. Nf5 {[%emt 0:19:27]} Bxf5 {[%emt 0:02:03]} 17. Rxf5 {[%emt 0:00:01]} Nc7 {[%emt 0:02:04]} 18. Qh4 {[%emt 0:03:13]} Qe8 {[%emt 0:02:04]} 19. Ra4 {[%emt 0:04:36]} Qg6 {[%emt 0:01:06]} 20. Qh3 {[%emt 0:06:08]} e6 {[%emt 0:03:50]} 21. Rh5 {[%emt 0:00:39]} f5 {[%emt 0:00:54]} 22. Rah4 {[%emt 0:05:28]} Bd4+ {[%emt 0:00:00]} 23. Kh1 {[%emt 0:02:19]} Rf7 {[%emt 0:00:03]} 24. Rh6 {[%emt 0:06:28]} Qg8 {[%emt 0:01:05]} 25. Ne2 {[%emt 0:01:56]} Bf6 {[%emt 0:02:52]} 26. R4h5 {[%emt 0:00:23]} Nd5 {[%emt 0:06:00]} 27. c4 {[%emt 0:02:07]} Ne7 {[%emt 0:01:42]} 28. Nf4 {[%emt 0:00:20]} Qg4 {[%emt 0:00:25]} 29. Rxh7+ {[%emt 0:01:39]} Rxh7 {[%emt 0:00:04]} 30. Rxh7+ {[%emt 0:00:55]} Kg8 {[%emt 0:00:07]} 31. Qxg4+ {[%emt 0:00:29]} fxg4 {[%emt 0:00:05]} 32. Rh6 {[%emt 0:00:26]} Kf7 {[%emt 0:00:39]} 33. Rh7+ {[%emt 0:08:18]} Kg8 {[%emt 0:00:04]} 1/2-1/2

[Event "WSCC 65 Open 2017"]
[Site "?"]
[Date "2017.11.10"]
[Round "4"]
[White "Frick, Christoph"]
[Black "Pushkov, Nikolai"]
[Result "1/2-1/2"]
[WhiteElo "2230"]
[BlackElo "2304"]
[PlyCount "72"]
[EventDate "2017.??.??"]
[EventType "swiss"]
[EventCountry "ITA"]
[SourceTitle "Acqui Terme"]
[TimeControl "40/5400+30:1800+30"]

1. d4 Nf6 2. Bf4 e6 3. e3 b6 4. Nf3 Bb7 5. Nbd2 Be7 6. h3 O-O 7. Bd3 d5 8. O-O Nbd7 9. Ne5 Nxe5 10. Bxe5 g6 11. Qf3 Nd7 12. Bf4 f5 13. Qg3 c5 14. c3 Nf6 15. Bh6 Bd6 16. f4 Rf7 17. Nf3 Rc7 18. Ne5 Nh5 19. Qf2 a5 20. g4 Ng7 21. Bg5 Qe8 22. Qe2 c4 23. Bc2 b5 24. Kg2 b4 25. Rh1 Bc6 26. Bf6 bxc3 27. bxc3 Ba4 28. Rab1 Bxc2 29. Qxc2 Rb8 30. Rxb8 Qxb8 31. Rb1 Rb7 32. Rxb7 Qxb7 33. Qa4 Bxe5 34. Bxe5 Qb2+ 35. Kg3 Qe2 36. Qd7 Qe1+ 1/2-1/2

[Event "WSCC 65 Open 2017"]
[Site "?"]
[Date "2017.11.10"]
[Round "4"]
[White "Malmdin, Nils-Ake"]
[Black "Povah, Nigel E"]
[Result "0-1"]
[WhiteElo "2223"]
[BlackElo "2295"]
[PlyCount "82"]
[EventDate "2017.??.??"]
[EventType "swiss"]
[EventCountry "ITA"]
[SourceTitle "Acqui Terme"]
[TimeControl "40/5400+30:1800+30"]
[WhiteClock "0:02:42"]
[BlackClock "0:03:10"]

1. e4 {[%emt 0:00:00]} c5 {[%emt 0:00:06]} 2. Nf3 {[%emt 0:00:11]} Nc6 {[%emt 0:00:05]} 3. Nc3 {[%emt 0:00:30]} e6 {[%emt 0:00:09]} 4. d4 {[%emt 0:00:15]} cxd4 {[%emt 0:00:04]} 5. Nxd4 {[%emt 0:00:12]} Qc7 {[%emt 0:00:17]} 6. Be3 {[%emt 0:00:50]} a6 {[%emt 0:00:09]} 7. Bd3 {[%emt 0:00:58]} b5 {[%emt 0:00:37]} 8. Nxc6 {[%emt 0:00:28]} Qxc6 {[%emt 0:00:06]} 9. O-O {[%emt 0:00:20]} Nf6 {[%emt 0:00:40]} 10. f3 {[%emt 0:05:01]} Bc5 {[%emt 0:02:09]} 11. Qe2 {[%emt 0:03:16]} d6 {[%emt 0:03:20]} 12. Kh1 {[%emt 0:01:16]} Bxe3 {[%emt 0:00:58]} 13. Qxe3 {[%emt 0:00:10]} O-O {[%emt 0:03:40]} 14. a4 {[%emt 0:06:13]} b4 {[%emt 0:01:54]} 15. Ne2 {[%emt 0:01:42]} Bb7 {[%emt 0:08:11]} 16. Qd2 {[%emt 0:08:25]} Qc5 {[%emt 0:10:28]} 17. Rfc1 {[%emt 0:05:13]} d5 {[%emt 0:09:05]} 18. e5 {[%emt 0:02:56]} Ne4 {[%emt 0:03:52]} 19. fxe4 {[%emt 0:11:08]} dxe4 {[%emt 0:00:09]} 20. Bxa6 {[%emt 0:00:41]} Bxa6 {[%emt 0:01:21]} 21. Qd4 {[%emt 0:00:28]} Qxd4 {[%emt 0:12:01]} 22. Nxd4 {[%emt 0:00:12]} Rfc8 {[%emt 0:00:19]} 23. Kg1 {[%emt 0:14:07]} Rc5 {[%emt 0:07:25]} 24. Kf2 {[%emt 0:03:47]} Bb7 {[%emt 0:04:19]} 25. Ke3 {[%emt 0:03:46]} Rxe5 {[%emt 0:00:47]} 26. c3 {[%emt 0:00:25]} bxc3 {[%emt 0:13:34]} 27. Rxc3 {[%emt 0:05:31]} g5 {[%emt 0:01:45]} 28. Rc7 {[%emt 0:02:55]} Rb8 {[%emt 0:05:18]} 29. b4 {[%emt 0:00:35]} Rd5 {[%emt 0:02:26]} 30. Ra3 {[%emt 0:00:59]} Ba8 {[%emt 0:02:56]} 31. b5 {[%emt 0:00:50]} f5 {[%emt 0:01:14]} 32. Nxe6 {[%emt 0:02:06]} f4+ {[%emt 0:00:17]} 33. Ke2 {[%emt 0:00:34]} e3 {[%emt 0:02:25]} 34. Rd3 {[%emt 0:08:39]} Rxd3 {[%emt 0:01:46]} 35. Kxd3 {[%emt 0:00:09]} Bxg2 {[%emt 0:00:11]} 36. Rg7+ {[%emt 0:02:57]} Kh8 {[%emt 0:00:06]} 37. Rxg5 {[%emt 0:01:18]} Bf1+ {[%emt 0:00:30]} 38. Kd4 {[%emt 0:02:27]} e2 {[%emt 0:00:45]} 39. Re5 {[%emt 0:00:11]} f3 {[%emt 0:00:27]} 40. Ng5 {[%emt 0:05:56]} f2 {[%emt 0:31:27]} 41. Nf3 {[%emt 0:30:11]} Rf8 {[%emt 0:00:32]} 0-1